000 00266nam a22000977a 4500
999 _c11795
_d11795
008 200217b ||||| |||| 00| 0 eng d
020 _a0570062039
100 _aBergey Alyce
_97477
245 _aYoung Jesus In the Temple
260 _aUSA
_bConcordia Publishing House
_c1986